00449 a2200169 450000100060000002000150000604000220002110000240004324000150006724500100008230000080009236200090010065000380010994200070014795201080015499900170026267210 a9501270254 cAnchieta - Pituba aNajmanovich, Denise10aRedeslspa10aRedes a4550 a2002 4aInteração social entre grupos cBK 00104070a91.1b91.1d2023-11-21l0o302.4 R314r REDp22066/PITr2023-11-21 18:35:16w2023-11-21yBK c67210d67210